000
00307nam a22001457a 4500
003
OSt
005
20160727222350.0
008
160622b xxu||||| |||| 00| 0 eng d
040
_c
TEST
100
_9
377
_a
Cook, R,
245
_a
Out Break
260
_a
LON
_b
Pan Book
300
_a
Out Break
942
_2
ddc
_c
BK
999
_c
306
_d
306